| 000 | 00468cam a2200181ua 4500 | ||
|---|---|---|---|
| 020 | _c12 anna | ||
| 041 |
_amal _h |
||
| 082 |
_a894.812301 _bBHA/AT |
||
| 100 | _aBHavathrathan, Nambhoodirippad . | ||
| 245 |
_aAtmahuti / _cBhavathrathan Nambhoodiripad. _hTextual Documents |
||
| 250 |
_a2 / _b. |
||
| 260 |
_aThrissur : _bMangalodhayam pvt ltd , _c1954. |
||
| 300 | _a47 ; . | ||
| 365 | _a12 anna | ||
| 504 | _a | ||
| 942 | _cBK | ||
| 999 |
_c12626 _d12626 |
||